00996cam a2200265 a 4500001000500000005001700005020004300022020001800065040002300083050002500106082001500131100002500146245007800171250004100249260003400290300002300324490002600347505000800373520021900381521002000600521002000620650002600640650003000666700003400696124520231123100126.0 a9780439883764 (hardcover : alk. paper) a9780439883801 aDLCcDLCdDLCbeng00aPZ7.P9246bGat 2009.00a843.922221 aPrévost, Guillaume14aThe gate of days /cGuillaume Prévost ; translated by William Rodarmor. aArthur A. Levine Books hardcover ed. aNew York :bScholastic,c2009 a249 pages :c20 cm0 aThe Book of Time ;v2 aS  aWhile seeking the seven magical coins that will allow him to reach his father, who is trapped in the castle of Vlad Tepes, Sam Faulkner travels to such places as ancient Delphi, a Stone Age cave, and 1930s Chicago. a800 bLexile  aS bRaz-Plus  1aTime travelvFiction. 1aMissing personsvFiction.1 aRodarmor, Williametranslator